Gamifikačný systém pre akademickú komunitu

Salvato in:
Dettagli Bibliografici
Autore principale: Polednák, Pavol (Autore)
Altri autori: Drozda, Martin (Relatore della tesi)
Natura: Manoscritto Libro
Lingua:slovacco
Pubblicazione: 2025
Soggetti:
Accesso online:http://is.stuba.sk/zp/portal_zp.pl?podrobnosti=184417
Tags: Aggiungi Tag
Nessun Tag, puoi essere il primo ad aggiungerne!!

MARC

LEADER 00000ntm a22000003a 4500
001 stuzp105496
003 SK-STU
005 20250614213851.1
007 ta
008 150427s2015----xo-----f-mn---000-0-slo-d
040 |a STU  |b slo 
041 0 |a slo 
100 1 |a Polednák, Pavol  |u 035000  |4 aut  |U FEI Fakulta elektrotechniky a informatiky  |T FEI Ústav informatiky a matematiky  |X 97012  |U E050  |Y 816  |7 97012 
242 0 1 |a Gamification system for academic community  |y eng 
245 1 0 |a Gamifikačný systém pre akademickú komunitu 
260 |c 2025 
650 4 |a citation metrics  |2 eng 
650 4 |a academic community  |2 eng 
650 4 |a RedwoodJS  |2 eng 
650 4 |a gamification  |2 eng 
650 4 |a trend visualization  |2 eng 
650 4 |a scoring system  |2 eng 
650 4 |a bodovací systém  |2 slo 
650 4 |a RedwoodJS  |2 slo 
650 4 |a vizualizácia trendov  |2 slo 
650 4 |a citačné metriky  |2 slo 
650 4 |a akademická komunita  |2 slo 
650 4 |a gamifikácia  |2 slo 
700 1 |a Drozda, Martin  |u 035000  |k Z1  |4 ths  |U FEI Fakulta elektrotechniky a informatiky  |T FEI Ústav informatiky a matematiky  |X 71006  |U E050  |Y 816  |7 A000071006 
856 4 |u http://is.stuba.sk/zp/portal_zp.pl?podrobnosti=184417